000 00608nam a22002057a 4500
005 20250508120224.0
010 _aENG-144815
020 _c395.00
_a9789380834344
035 _aEN-128347
037 _bDBAD/PUB
082 _a921
_2first
100 _aAgnihotri, R.K.
_981111
245 _aAutobiography of an Unknown Police-Man/
_cR.K. Agnihotri
250 _afirst
260 _aBhopal
_bIndra Publishing House
_c2011
270 _aE-5/21,Area Colony, Habibganj Police station Road
_bBhopal
_e462016
300 _a356 p.
_c22cm(pbk)
700 _980874
942 _2ddc
_cEN
_h921
_mtri
999 _c211215
_d211215